000 00669nam a2200229Ia 4500
003 OSt
005 20220918200956.0
006 a|||||r|||| 00| 0
007 ta
008 220917b |||||||| |||| 00| 0 eng d
024 _a91,059
037 _cTextual
040 _aARTS
_cARTS
_beng
041 _2eng
_aeng
082 _aVxM34:2, F2 (+)
100 _aDalberg Action John Emerich Edward
_996238
245 0 _aHistory of freedom and other essays ed by John Neville Figgis and Reginald Vere Laurence
260 _c1922
650 _aHISTORY
942 _hVxM34:2, F2 (+)
_cTEXL
_2CC
999 _c214719
_d214719